00654nam a2200193 a 450000100100000000500170001000800410002704000130006808200200008110000430010124500530014426000410019730000220023865000280026065000310028804900090031995201170032899900150044500000994020240412074214.0091002s1966 dr 000 p spa d aDO-SdBNP aRD861.44bD542a1 aDíaz Polanco, Héctor,d1944-9242110aAbstracciones poéticas /cHector Diaz Polanco. aSanto Domingo :bArte y cine,c1966. a88 p. : ;c21 cm. 0aPoesía dominicana966 0aLiteratura dominicana.967 aBNPD 0010718PDaPDbPDcCTd2009-10-02iLF1l0oRD861.44 D542ap9940-10r2020-06-25w2020-06-25yLFPDZNo se presta c9699d9699